000 00501nam a2200181Ia 4500
008 151202s9999||||xx |||||||||||||| ||und||
082 _bPNVM-59872
100 _aपाध्ये भाऊ.
245 _aराडा.
260 _bअक्षर प्रकाशन मुंबई.
260 _c59872
300 _a127
600 _aपाध्ये भाऊ.
630 _aराडा.
700 _aपाध्ये भाऊ.
730 _aराडा.
942 _cBOOK
999 _c1326406
_d1326403